000 01340nam a2200301 a 4500
001 000038668
003 DO-SdBNP
005 20250702113508.0
008 130417s2008 dr ad 001 0 spa d
040 _aDO-SdBNP
_bspa
_cBNPHU
082 _a378.7293
_bG993c
100 1 _aGuzmán, Rolando M.
_918774
245 1 0 _aCompetitividad, innovación, ciencia y tecnología :
_bcontexto internacional y experiencia dominicana /
_cRolando M. Guzmán ; edición, Luz Almánzar Rodríguez.
260 _aSanto Domingo :
_bSEESCyT,
_bConsejo Nacional de Competitividad,
_c2008.
300 _a186 p. :
_bil., gráfcs., tabls. ;
_c23 cm.
504 _aBibliografía: p.173-186.
590 _aInventariado, 2018/MFF
650 4 _aInnovaciones educativas
_zRepública Dominicana
_917115
650 0 _aCooperación universidad-industria
_964990
650 0 _a Competencia económica
_98351
650 4 _aIndustria
_xInnovaciones tecnológicas
_964991
650 4 _aFormación profesional
_zRepública Dominicana
_918773
700 1 _aAlmánzar Rodríguez, Luz,
_eed.
_956217
710 1 _aRepública Dominicana.
_bSecretaría de Estado de Educación Superior, Ciencia y Tecnología (SEESCyT)
_953985
710 1 _aRepública Dominicana.
_bConsejo Nacional de Competitividad,
_964992
910 _aValidado. Control de calidad EMS
942 _2ddc
_cLBS1
999 _c38158
_d38158